Najisikia kuua tena / (Record no. 11145)

000 -LEADER
fixed length control field 00411nam a22001457a 4500
008 - FIXED-LENGTH DATA ELEMENTS--GENERAL INFORMATION
fixed length control field 160512b xxu||||| |||| 00| 0 eng d
020 ## - INTERNATIONAL STANDARD BOOK NUMBER
International Standard Book Number 9966469532
050 ## - LIBRARY OF CONGRESS CALL NUMBER
Classification number PL 8704
Item number .N3M75
100 ## - MAIN ENTRY--PERSONAL NAME
Personal name Mtobwa, Ben R.
245 ## - TITLE STATEMENT
Title Najisikia kuua tena /
260 ## - PUBLICATION, DISTRIBUTION, ETC. (IMPRINT)
Place of publication, distribution, etc. Nairobi:
Name of publisher, distributor, etc. Mkuki Books,
Date of publication, distribution, etc. 1993
300 ## - PHYSICAL DESCRIPTION
Extent 100 p.
650 ## - SUBJECT ADDED ENTRY--TOPICAL TERM
Topical term or geographic name as entry element Swahili literature
942 ## - ADDED ENTRY ELEMENTS (KOHA)
Source of classification or shelving scheme
Koha item type Africana (Books)
Classification part PL 8704 .N3M75
Call number prefix Africana
Koha issues (borrowed), all copies 19
Holdings
Withdrawn status Lost status Source of classification or shelving scheme Damaged status Not for loan Home library Current library Shelving location Date acquired Source of acquisition Cost, normal purchase price Total Checkouts Full call number Barcode Date last seen Date last checked out Price effective from Koha item type
          MACHAKOS UNIVERSITY LIBRARY MACHAKOS UNIVERSITY LIBRARY Africana 12/05/2016 Donation 394.00 32 AFR PL 8704 .N3M75 1993 20628 12/09/2024 12/09/2024 12/05/2016 Africana (Books)
© Machakos University Library, Along The Highway, Machakos Wote Rd, Machakos, Kenya P.O. Box 136 - 90100 Machakos - Kenya

Tel: ( +254 ) 723 805829 OR Fax : 044-20353 OR Email: library@mksu.ac.ke